000 01047nam a2200277Ia 4500
003 OSt
005 20221005104608.0
006 a|||||r|||| 00| 0
007 ta
008 221004b |||||||| |||| 00| 0 hin d
020 _a9788183618939 (hbk)
_cINR 495.00
024 _a43092
037 _bBR/7268A, 16/02/2019, Rajkamal Prakashan Pvt. Ltd.
_cTextual
040 _aCRL
_cCRL
_bhin
041 _2hin
_ahin
082 _aO152,3N85,PD, Q8
100 _aकुशवाहा, अमर, ले.
245 0 _aपिघलती धूप में साये
246 _aPighalatī dhūp mean sāye
260 _aदिल्ली
_bराधाकृष्ण प्रकाशन भारत
_c2018
300 _a191पृ0
_ccm.
650 _a हिन्दी साहित्य
650 _aहिन्दी कहानी
942 _hO152,3N85,PD, Q8
_cTEXL
_2cc
999 _c1013201
_d1013201